Geographic variation in forest trees : genetic basis and application of knowledge in silviculture /

Bibliographic Details
Main Author: Morgenstern, E. Kristian (Erwin Kristian), 1928-
Format: Book
Language:English
Published: Vancouver : UBC Press, [1996]
Subjects:

MARC

Tag First Indicator Second Indicator Subfields
LEADER 00000cam a2200000 a 4500
001 in00001318421
005 20160220063442.0
008 960712s1996 bcc b 001 0 eng d
010 |a cn 96910498  
015 |a C96-910498-7 
020 |a 077480579X :  |c $75.00 
035 |a (OCoLC)35969474 
035 |9 AHD8937AM 
040 |a CaBVAU  |b eng  |c NLC  |d TXA  |d UtOrBLW 
049 |a TXAM 
055 1 3 |a SD399 5  |b M67 1996 
082 0 0 |a 634.9/56  |2 20 
090 |a SD399.5  |b .M67 1996 
100 1 |a Morgenstern, E. Kristian  |q (Erwin Kristian),  |d 1928- 
245 1 0 |a Geographic variation in forest trees :  |b genetic basis and application of knowledge in silviculture /  |c E. Kristian Morgenstern. 
264 1 |a Vancouver :  |b UBC Press,  |c [1996] 
264 4 |c ©1996 
300 |a xiv, 209 pages :  |b illustrations ;  |c 24 cm. 
336 |a text  |b txt  |2 rdacontent 
337 |a unmediated  |b n  |2 rdamedia 
338 |a volume  |b nc  |2 rdacarrier 
504 |a Includes bibliographical references and indexes. 
650 0 |a Forest genetics. 
650 0 |a Forest management. 
999 |a MARS 
999 f f |s f0870aed-9eee-3426-9b27-3e03df8dc207  |i 7303a0d9-7981-33f4-bbf7-474af2d2ea63  |t 0 
952 f f |p ric  |a Texas A&M University  |b Rellis Campus  |c Joint Library Facility  |d Remote Storage  |t 0  |e SD399.5 .M67 1996  |h Library of Congress classification  |i unmediated -- volume  |m A14820575585 
998 f f |a SD399.5 .M67 1996  |t 0  |l Remote Storage